B52_東京から見て南にある市区町村 - Statistics

General Stats
  • This quiz has been taken 22 times
  • The average score is 12 of 13
Answer Stats
東京
からの
方位角
東京
からの
距離
都道府県 種類 市区町村名 % Correct
180.1 18.1 神奈川県 川崎市
100%
183.5 45.9 神奈川県 横須賀市
100%
188.6 3.4 東京都 特別区 渋谷区
95%
184.8 5.8 東京都 特別区 目黒区
95%
175.6 14.8 東京都 特別区 大田区
95%
168.9 78.8 千葉県 館山市
95%
186.6 180.7 東京都 三宅村
95%
178.4 286.4 東京都 八丈町
95%
179.1 358.0 東京都 青ヶ島村
95%
187.0 61.5 神奈川県 三浦市
89%
170.2 73.3 千葉県 南房総市
89%
182.9 199.6 東京都 御蔵島村
84%
169.4 65.8 千葉県 鋸南町
79%
No matching quizzes found
Score Distribution
Percent of People with Each Score
Percentile by Number Answered
Your Score History
You have not taken this quiz